000 00498nam a2200193 a 4500
001 1767860135684
003 YourLibrary
005 20260108150646.0
008 260108s1996##################000#0#eng##
020 _a9783718658619
082 0 4 _a301.092
_bPAR
100 1 _aParkin, Robert,
_eauthor.
245 1 0 _aThe Dark Side of Humanity :
260 _bPsychology Press,
_c1996.
300 _a246 pages
650 0 _aPhilosophy.
942 _cENGLISH
040 _aYourLibrary
_beng
_cYourLibrary
999 _c607853
_d607853